Second supplement to glossary of Indian medicinal plants with active principles (Record no. 909262)

MARC details
000 -LEADER
fixed length control field 00986nam a2200289Ia 4500
003 - CONTROL NUMBER IDENTIFIER
control field OSt
005 - DATE AND TIME OF LATEST TRANSACTION
control field 20221002043947.0
008 - FIXED-LENGTH DATA ELEMENTS--GENERAL INFORMATION
fixed length control field 220930b |||||||| |||| 00| 0 eng d
020 ## - INTERNATIONAL STANDARD BOOK NUMBER
International Standard Book Number 8172360487
037 ## - SOURCE OF ACQUISITION
Terms of availability Reference Collections
040 ## - CATALOGING SOURCE
Original cataloging agency CRL
Transcribing agency CRL
Language of cataloging eng
041 ## - LANGUAGE CODE
Source of code eng
Language code of text/sound track or separate title eng
100 ## - MAIN ENTRY--PERSONAL NAME
Personal name Asolkar L. V.
9 (RLIN) 568858
245 #0 - TITLE STATEMENT
Title Second supplement to glossary of Indian medicinal plants with active principles
260 ## - PUBLICATION, DISTRIBUTION, ETC.
Place of publication, distribution, etc. New Delhi
Name of publisher, distributor, etc. National Institute of AndInformation Resources And
Date of publication, distribution, etc. 2005
300 ## - PHYSICAL DESCRIPTION
Extent 414p.
Dimensions cm.
490 ## - SERIES STATEMENT
Volume/sequential designation V1
650 ## - SUBJECT ADDED ENTRY--TOPICAL TERM
Topical term or geographic name entry element BOTANY
700 ## - ADDED ENTRY--PERSONAL NAME
Personal name Chakre O. J.
9 (RLIN) 568859
700 ## - ADDED ENTRY--PERSONAL NAME
Personal name Kakkar K. K.
9 (RLIN) 568860
942 ## - ADDED ENTRY ELEMENTS (KOHA)
Classification part I:(L)k2,N92, P5.1(RR)
Koha item type
Source of classification or shelving scheme Colon Classification (CC)

No items available.

Copyright @ Delhi University Library System